Social and Economic Control of Alcohol : (Record no. 617545)

MARC details
000 -LEADER
fixed length control field 00492nam a2200181 a 4500
008 - FIXED-LENGTH DATA ELEMENTS--GENERAL INFORMATION
fixed length control field 260311s2007##################000#0#eng##
020 ## - INTERNATIONAL STANDARD BOOK NUMBER
ISBN 9781420054637
082 04 - DEWEY DECIMAL CLASSIFICATION NUMBER
Classification number 362.292
Item number JUR
100 1# - MAIN ENTRY--AUTHOR NAME
Personal name Jurkiewicz, Carole L.,
245 10 - TITLE STATEMENT
Title Social and Economic Control of Alcohol :
260 ## - PUBLICATION, DISTRIBUTION, ETC. (IMPRINT)
Name of publisher CRC Press,
Year of publication 2007.
650 #0 - SUBJECT ADDED ENTRY--TOPICAL TERM
Topical Term Political Science.
942 ## - ADDED ENTRY ELEMENTS (KOHA)
Koha item type English Books
Holdings
Withdrawn status Lost status Damaged status Not for loan Home library Current library Shelving location Date acquired Full call number Accession Number Price effective from Koha item type
        Anna Centenary Library Anna Centenary Library 4TH FLOOR, A WING 11.03.2026 362.292 JUR 149825 11.03.2026 English Books

Find us on the map